| 000 | 00851nam a2200205 a 4500 | ||
|---|---|---|---|
| 001 | 000002421 | ||
| 005 | 20200929150208.0 | ||
| 008 | 090702s2007 sp 000 0 spa d | ||
| 020 | _a9788489384699 | ||
| 040 |
_aDO-SdBNP _bspa _cBNPHU |
||
| 082 |
_axxxx _bS612s |
||
| 111 | 2 |
_aSimposio sobre Literatura Infantil y Lectura _n(7th : _d2001 : _cMadrid, España) _97672 |
|
| 245 | 1 | 0 |
_aNuevos espacios para la lectura en el siglo XXI : _b[II encuentro iberoamericano] / _cCarmen Barvo ... [et al.]. |
| 260 |
_aMadrid : _bFundación Germán Sánchez Ruipérez, _c[2007?]. |
||
| 300 |
_a310 p. ; _c23 cm. |
||
| 490 | 1 |
_aPapeles de la Fundación Germán Sánchez Ruipérez _v4 |
|
| 500 | _aIncluye referencias bibliográficas y notas a pie de páginas | ||
| 700 | 1 |
_aBarvo, Carmen. _97673 |
|
| 830 | 0 |
_aPapeles de la Fundación Germán Sánchez Ruipérez _n4 _97674 |
|
| 999 |
_c2257 _d2257 |
||